000 00919nam0a22002531 4500
001 rc\459295
005 20250621093018.0
010 _a5-85700-005-Х
_925000
035 _a(NLR Aleph) 005703837
090 _a7305886
_c7305886
100 _a20030616d1988 |||y0rusy50 ca
101 0 _arus
102 _aRU
105 _aa |||||||||
200 1 _aБульба
_eЭнцикл. справ. по выращиванию, хранению, перераб. и использ. картофеля
_f[Редкол.: И.П. Шамякин (отв. ред.) и др.]
210 _aМинск
_cБелорус. сов. энцикл.
_d1988
215 _a573, [1] с., [16] л. ил.
_cил.
_d25
320 _aБиблиогр.: с. 557-570
702 1 _aШамякин
_bИ.П.
_gИван Петрович
_4340
801 0 _aRU
_bNLR
_gpsbo
801 1 _aRU
_bELAR
_2rusmarc
852 _aNLR
_bС
_jК-3/156
942 _cBOOK
980 _aNB